Seminario sobre la formación de promotores de alfabetización en el marco del proyecto principal de educación en América latina y el Caribe : informe final.

Uloženo v:
Podrobná bibliografie
Korporativní autor: UNESCO
Médium: Kniha
Jazyk:španělština
Témata:
Tagy: Přidat tag
Žádné tagy, Buďte první, kdo vytvoří štítek k tomuto záznamu!

MARC

LEADER 00000cam^a2200000uu^4500
001 000459496
005 20250521000000.0
008 050901s1982^^^^^^^^^^^^rd^r^^000^0^spa^d
009 20260526145720.515
035 |a FCE 000001962 
035 |a FCE 007364 
037 |a Acervo ITESO - Biblioteca 
041 |a spa 
082 0 4 |a 374.012  |b UNEs 
110 |a UNESCO 
245 1 0 |a Seminario sobre la formación de promotores de alfabetización en el marco del proyecto principal de educación en América latina y el Caribe :  |b informe final. 
264 |a Santiago de Chile :  |b UNESCO : OREALC,  |c 1982. 
300 |a 74 p. 
336 |a texto  |b txt  |2 rdacontenido 
337 |a sin mediación  |b n  |2 rdamedio 
338 |a volumen  |b nc  |2 rdasoporte 
611 4 |a Seminario 
649 |a XX 
650 |a Alfabetización 
650 |a Educación de adultos 
650 |a Medios de comunicación 
650 |a Zonas marginadas 
650 |a Experiencia educativa 
650 |a Población rural 
650 |a Formación de promotores 
650 |a Nicaragua 
910 |a Fondo Centro de Estudios Educativos 
920 |a Impresos - Libros 
930 |a Fondos Especiales 
905 |a 133 
901 |a ALE007364  |b IT2  |c CEE  |u 20250521 
901 |a ALE041373  |b IT2  |c CEE  |u 20250521 
902 |a https://opac.biblio.iteso.mx/vufind/Record/000459496